| 000 | 01228nam0a2200349 4500 | ||
|---|---|---|---|
| 001 | RU\NLR\bibl\1463887 | ||
| 005 | 20260405172049.0 | ||
| 010 |
_a978-5-91282-005-2 _94200 |
||
| 021 |
_aRU _b2009-93621 _95926 |
||
| 035 | _a(nilc)RSL-KNO-004416597 | ||
| 035 | _a(NLR Aleph) 001455631 | ||
| 090 |
_a1550839 _c1550839 |
||
| 100 | _a20091120d2009 |||y0rusy50 ca | ||
| 101 | 0 | _arus | |
| 102 | _aRU | ||
| 105 | _aa zzzz||||| | ||
| 200 | 1 |
_aАзбука по слогам _e[для чтения взрослыми детям _fхудож. С. Фоминова] |
|
| 210 |
_aРостов-на-Дону _cЛеда _d2009 |
||
| 215 |
_a[8] с. _cцв. ил. _d22 |
||
| 225 | 1 | _aСерия "Для самых маленьких" | |
| 225 | 1 |
_aСолнышко _eв 180-и тт. _vт. 107 |
|
| 225 | 1 | _aРадуга | |
| 606 | 1 |
_aРусский язык _jБуквари _91533567 _3RU\NLR\AUTH\66969347 |
|
| 686 |
_aШ9(2)6=Р70-7 _2rubbk |
||
| 686 | _aШ141.12-921б | ||
| 702 | 1 |
_4040 _8rus _7ca _aФоминова _bС. _cхудожник _3RU\NLR\AUTH\7773620 _956548 |
|
| 801 | 0 |
_aRU _bРГБ _c20091120 _grcr |
|
| 801 | 1 |
_aRU _bРГБ _c20091120 |
|
| 801 | 2 |
_aRU _bNLR _c20100121 _grcr |
|
| 942 | _cBOOK | ||
| 980 | _aNB | ||